| Tag |
First Indicator |
Second Indicator |
Subfields |
| LEADER |
00000cam a2200000 a 4500 |
| 001 |
in00005527607 |
| 006 |
m o d |
| 007 |
cr cnu---unuuu |
| 008 |
111102s2012 flu ob 000 0 eng d |
| 005 |
20241111204708.8 |
| 035 |
|
|
|a (OCoLC)ocn759407392
|
| 040 |
|
|
|a N$T
|b eng
|e pn
|c N$T
|d VPI
|d YDXCP
|d E7B
|d OCLCQ
|d DEBSZ
|d OCLCQ
|d OSU
|d CAUOI
|d CRCPR
|d OTZ
|d OCLCF
|d EBLCP
|d OCLCQ
|d PIFBY
|d MERUC
|d ERL
|d UAB
|d OCLCQ
|d CEF
|d NLE
|d OCLCQ
|d UKMGB
|d WYU
|d S9I
|d YDX
|d TYFRS
|d LEAUB
|d AU@
|d OCLCQ
|d UKAHL
|d OCLCQ
|d SFB
|d UHL
|d OCLCO
|d OCLCQ
|d OCLCO
|d OCLCQ
|d OCLCL
|
| 015 |
|
|
|a GBB7A8902
|2 bnb
|
| 016 |
7 |
|
|a 015804588
|2 Uk
|
| 016 |
7 |
|
|a 018390065
|2 Uk
|
| 019 |
|
|
|a 794216533
|a 899156363
|a 991934211
|a 994820907
|a 1031042392
|a 1058971740
|a 1066008665
|a 1096213007
|a 1202482068
|
| 020 |
|
|
|a 9781439868232
|q (electronic bk.)
|
| 020 |
|
|
|a 1439868239
|q (electronic bk.)
|
| 020 |
|
|
|z 9781439868225
|
| 020 |
|
|
|z 1439868220
|
| 020 |
|
|
|z 9781138115248
|
| 020 |
|
|
|a 0429065027
|
| 020 |
|
|
|a 9780429065026
|
| 020 |
|
|
|a 1283311771
|
| 020 |
|
|
|a 9781283311779
|
| 020 |
|
|
|a 9786613311771
|
| 020 |
|
|
|a 6613311774
|
| 024 |
7 |
|
|a 10.1201/b11156
|2 doi
|
| 035 |
|
|
|a (OCoLC)759407392
|z (OCoLC)794216533
|z (OCoLC)899156363
|z (OCoLC)991934211
|z (OCoLC)994820907
|z (OCoLC)1031042392
|z (OCoLC)1058971740
|z (OCoLC)1066008665
|z (OCoLC)1096213007
|z (OCoLC)1202482068
|
| 037 |
|
|
|a TANDF_236201
|b Ingram Content Group
|
| 050 |
|
4 |
|a QA402.5
|b .D43 2012eb
|
| 072 |
|
7 |
|a MAT
|x 042000
|2 bisacsh
|
| 072 |
|
7 |
|a AKP
|
| 072 |
|
7 |
|a PBU
|
| 072 |
|
7 |
|a PBW
|
| 082 |
0 |
4 |
|a 519.6
|2 23
|
| 049 |
|
|
|a TXAM
|
| 100 |
1 |
|
|a Dhara, Anulekha.
|
| 245 |
1 |
0 |
|a Optimality conditions in convex optimization :
|b a finite-dimensional view /
|c Anulekha Dhara, Joydeep Dutta.
|
| 260 |
|
|
|a Boca Raton :
|b CRC Press,
|c ©2012.
|
| 300 |
|
|
|a 1 online resource (xviii, 421 pages)
|
| 336 |
|
|
|a text
|b txt
|2 rdacontent
|
| 337 |
|
|
|a computer
|b c
|2 rdamedia
|
| 338 |
|
|
|a online resource
|b cr
|2 rdacarrier
|
| 347 |
|
|
|a data file
|2 rda
|
| 504 |
|
|
|a Includes bibliographical references.
|
| 588 |
0 |
|
|a Print version record.
|
| 520 |
8 |
|
|a Covering the current state of the art, this book explores an important and central issue in convex optimization: optimality conditions. It focuses on finite dimensions to allow for much deeper results and a better understanding of the structures involved in a convex optimization problem.
|
| 505 |
0 |
|
|a 1. What is convex optimization? -- 2. Tools for convex optimization -- 3. Basic optimality conditions using the normal cone -- 4. Saddle points, optimality, and duality -- 5. Enhanced Fritz John optimality conditions -- 6. Optimality without constraint qualification -- 7. Sequential optimality conditions -- 8. Representation of the feasible set and KKT conditions -- 9. Weak sharp minima in convex optimization -- 10. Approximate optimality conditions -- 11. Convex semi-infinite optimization -- 12. Convexity in nonconvex optimization.
|
| 546 |
|
|
|a English.
|
| 650 |
|
0 |
|a Mathematical optimization.
|
| 650 |
|
6 |
|a Optimisation mathématique.
|
| 650 |
|
7 |
|a MATHEMATICS
|x Optimization.
|2 bisacsh
|
| 650 |
|
7 |
|a Mathematical optimization
|2 fast
|
| 655 |
|
7 |
|a Electronic books.
|2 local
|
| 700 |
1 |
|
|a Dutta, Joydeep.
|
| 710 |
2 |
|
|a Taylor & Francis
|
| 758 |
|
|
|i has work:
|a Optimality conditions in convex optimization (Text)
|1 https://id.oclc.org/worldcat/entity/E39PCGywF8whvhWq46TBDp683P
|4 https://id.oclc.org/worldcat/ontology/hasWork
|
| 776 |
0 |
8 |
|i Print version:
|t Optimality Conditions in Convex Optimization.
|d CRC Pr I Llc 2011
|z 9781439868225
|w (OCoLC)690084678
|
| 856 |
4 |
0 |
|u http://proxy.library.tamu.edu/login?url=https://www.taylorfrancis.com/books/9780429065026
|z Connect to the full text of this electronic book
|t 0
|
| 955 |
|
|
|a Taylor and Francis ENGnetBASE
|
| 955 |
|
|
|a Taylor and Francis MATHnetBASE
|
| 994 |
|
|
|a 92
|b TXA
|
| 999 |
f |
f |
|s e7b1211f-e401-492f-b616-c5d5e059aada
|i 17d43799-2f3b-4427-b857-35bc94c0d96e
|t 0
|
| 952 |
f |
f |
|a Texas A&M University
|b College Station
|c Electronic Resources
|d Available Online
|t 0
|e QA402.5 .D43 2012eb
|h Library of Congress classification
|
| 998 |
f |
f |
|a QA402.5 .D43 2012eb
|t 0
|l Available Online
|